[Event "Annex CC Scarf Weather"]
[Site "Toronto CAN"]
[Date "2013.12.16"]
[Round "5"]
[White "Shah, Omar"]
[Black "Goldstein, Rhys"]
[Result "1-0"]
[WhiteElo "1941"]
[BlackElo "2038"]
[PlyCount "95"]
[GameId "2160767909216424"]
[EventDate "2013.11.18"]
[EventType "swiss"]
[EventRounds "5"]
[EventCountry "CAN"]
[SourceTitle "hb 2019"]

1. Nf3 Nf6 2. b3 d6 3. Bb2 Bg4 4. e3 e6 5. Be2 c6 6. c4 Nbd7 7. d3 h6 8. Nbd2 Be7 9. Qc2 O-O 10. h3 Bh5 11. g4 Bg6 12. O-O-O b5 13. Rdg1 a5 14. g5 hxg5 15. Nxg5 e5 16. Ne6 fxe6 17. Rxg6 Kf7 18. Rhg1 Rg8 19. Nf3 Ne8 20. d4 Bf6 21. dxe5 dxe5 22. Rd1 Qe7 23. cxb5 cxb5 24. Rg4 Nd6 25. Qg6+ Kf8 26. Qd3 Rc8+ 27. Kb1 Rc6 28. Qd2 Kf7 29. Bxb5 Nxb5 30. Qxd7 Rgc8 31. Qxe7+ Kxe7 32. Rd2 Nc3+ 33. Bxc3 Rxc3 34. Re4 Rc1+ 35. Kb2 Rh1 36. h4 Rc5 37. a3 Rd5 38. Rc2 Kf7 39. b4 Kg6 40. Kb3 Kf5 41. Rec4 axb4 42. axb4 Rh3 43. e4+ Kg6 44. exd5 Rxf3+ 45. R4c3 Rxc3+ 46. Rxc3 exd5 47. b5 Bxh4 48. Rg3+ 1-0

[Event "Annex CC-ch"]
[Site "Toronto CAN"]
[Date "2013.02.11"]
[Round "1"]
[White "Evans, Bill"]
[Black "Peev, Pavel"]
[Result "1-0"]
[WhiteElo "1989"]
[BlackElo "2226"]
[PlyCount "47"]
[GameId "2160767909381765"]
[EventDate "2013.02.11"]
[EventType "swiss"]
[EventRounds "6"]
[EventCountry "CAN"]

1. d4 Nf6 2. c4 c5 3. d5 b5 4. cxb5 a6 5. e3 Bb7 6. Nc3 e6 7. e4 axb5 8. Bxb5 Qa5 9. Nge2 Nxe4 10. O-O Nf6 11. Nf4 g5 12. dxe6 gxf4 13. exd7+ Kd8 14. Bxf4 Rg8 15. f3 Be7 16. Re1 Qb6 17. Qe2 Qe6 18. Qd2 Bxf3 19. Rxe6 fxe6 20. Bc7+ Kxc7 21. Qf4+ e5 22. Qxf3 Nbxd7 23. Qc6+ Kb8 24. Qe6 1-0

[Event "Annex CC-ch"]
[Site "Toronto CAN"]
[Date "2013.02.11"]
[Round "1"]
[White "Goldstein, Rhys"]
[Black "Humphreys, Michael"]
[Result "0-1"]
[WhiteElo "2022"]
[BlackElo "2281"]
[PlyCount "58"]
[GameId "2160767909381766"]
[EventDate "2013.02.11"]
[EventType "swiss"]
[EventRounds "6"]
[EventCountry "CAN"]

1. d4 Nf6 2. c4 e6 3. Nc3 Bb4 4. Nf3 b6 5. Qb3 c5 6. Bg5 Bb7 7. O-O-O Bxc3 8. bxc3 cxd4 9. Nxd4 a6 10. f3 Qc7 11. e3 d6 12. Bf4 e5 13. Nf5 exf4 14. Nxd6+ Kf8 15. c5 b5 16. Bxb5 axb5 17. Nxb5 Qa5 18. Nd6 Bd5 19. Rxd5 Nxd5 20. Qxd5 Qxa2 21. Nc4 g6 22. Qd6+ Kg8 23. Qd8+ Kg7 24. Qd4+ f6 25. Rd1 fxe3 26. Nxe3 Re8 27. Rd2 Qa1+ 28. Kc2 Ra2+ 29. Kd3 Qb1+ 0-1

[Event "Annex CC-ch"]
[Site "Toronto CAN"]
[Date "2013.02.11"]
[Round "1"]
[White "Longo, Tyler"]
[Black "Cohen, David"]
[Result "0-1"]
[WhiteElo "2071"]
[BlackElo "1823"]
[PlyCount "92"]
[GameId "2160767909381767"]
[EventDate "2013.02.11"]
[EventType "swiss"]
[EventRounds "6"]
[EventCountry "CAN"]

1. d4 Nf6 2. Nf3 g6 3. b3 Bg7 4. Bb2 O-O 5. Nbd2 d6 6. g3 Nbd7 7. Bg2 c5 8. e3 Rb8 9. O-O b6 10. a4 Bb7 11. a5 Qc7 12. axb6 axb6 13. Qe2 Ra8 14. Nc4 Rxa1 15. Rxa1 Ra8 16. Na3 Qb8 17. Rd1 Ra7 18. c4 Ne4 19. Qc2 Qa8 20. Nb5 Ra2 21. Rb1 Ndf6 22. d5 Bc8 23. Nh4 Ng5 24. f4 Nh3+ 25. Kh1 Bg4 26. e4 Ne8 27. Nc3 Ra5 28. Qd2 Bd4 29. Nd1 Bxb2 30. Rxb2 Ra1 31. Bxh3 Rxd1+ 32. Kg2 Rxd2+ 33. Rxd2 Bxh3+ 34. Kxh3 Nf6 35. e5 Ne4 36. Re2 Nc3 37. Re3 Qa1 38. exd6 exd6 39. f5 Qf1+ 40. Ng2 Qxf5+ 41. g4 Qf6 42. Nh4 Qf1+ 43. Ng2 Nd1 44. Re1 Qf3+ 45. Kh4 Qxg2 46. Rxd1 Qxh2+ 0-1

[Event "Annex CC-ch"]
[Site "Toronto CAN"]
[Date "2013.03.04"]
[Round "3"]
[White "Cohen, David"]
[Black "Henry, Liam"]
[Result "0-1"]
[WhiteElo "1675"]
[BlackElo "2125"]
[PlyCount "86"]
[GameId "2160767740551361"]
[EventDate "2013.02.11"]
[EventType "swiss"]
[EventRounds "6"]
[EventCountry "CAN"]
[TimeControl "5400+30"]

1. d4 Nf6 2. c4 g6 3. Nc3 Bg7 4. e4 d6 5. h3 O-O 6. Nf3 e5 7. d5 Na6 8. Bd3 Nc5 9. Bc2 a5 10. Bg5 h6 11. Be3 Qe8 12. O-O Nh5 13. Qd2 g5 14. Rab1 Nf4 15. Bxf4 exf4 16. b3 Qe7 17. Rfe1 h5 18. e5 dxe5 19. Ne4 Nxe4 20. Bxe4 g4 21. hxg4 hxg4 22. Nh2 Ra6 23. d6 Qxd6 24. Qxd6 Rxd6 25. f3 f5 26. Bc2 Rd2 27. Rbc1 e4 28. Red1 Bd4+ 29. Kf1 Rxd1+ 30. Rxd1 g3 31. Ng4 c5 32. Ke2 fxg4 33. Bxe4 Kg7 34. Rh1 Rh8 35. Rxh8 Kxh8 36. Kd3 Kg7 37. a3 Kf6 38. Ke2 b6 39. Kd3 Bf5 40. fxg4 Bxe4+ 41. Kxe4 Kg5 42. Kf3 Bb2 43. a4 Bd4 0-1

[Event "Aurora CC April Swiss"]
[Site "Aurora CAN"]
[Date "2013.04.22"]
[Round "3"]
[White "Gillis, Doug"]
[Black "Philip, Andrew"]
[Result "1-0"]
[WhiteElo "1592"]
[BlackElo "1697"]
[PlyCount "91"]
[GameId "2160767909364632"]
[EventDate "2013.04.08"]
[EventType "swiss"]
[EventRounds "6"]
[EventCountry "CAN"]

1. d4 f5 2. Nc3 d5 3. Bg5 c6 4. e3 Qb6 5. Na4 Qa5+ 6. c3 e6 7. Nf3 b5 8. Ne5 g6 9. Nc5 Bg7 10. Be2 Nf6 11. h4 Ne4 12. Nxe4 dxe4 13. h5 Qc7 14. hxg6 hxg6 15. Rxh8+ Bxh8 16. Nxg6 Qg7 17. Bh5 Kd7 18. Qe2 Kc7 19. Bf4+ Kb7 20. Be5 Qg8 21. Bxh8 Bd7 22. Be5 Na6 23. O-O-O Nc7 24. Bxc7 Kxc7 25. Kb1 a5 26. g4 a4 27. a3 Qg7 28. Ne5 Be8 29. Bxe8 Rxe8 30. Rh1 Rh8 31. Rxh8 Qxh8 32. f4 fxg4 33. Qxg4 Qh1+ 34. Ka2 Qh6 35. Qg6 Qxg6 36. Nxg6 Kd6 37. Ne5 Kd5 38. b3 axb3+ 39. Kxb3 Kd6 40. Kb4 Kd5 41. Nd7 Kd6 42. Nb8 Kd5 43. Na6 Kd6 44. Nc5 Kd5 45. Nxe6 Kxe6 46. c4 1-0

[Event "Aurora CC Rematch Games"]
[Site "Aurora CAN"]
[Date "2013.08.12"]
[Round "12"]
[White "Warburton, Brian"]
[Black "Pishdad, Hassan"]
[Result "0-1"]
[WhiteElo "1310"]
[BlackElo "1200"]
[PlyCount "78"]
[GameId "2160767909296877"]
[EventDate "2013.08.12"]
[EventType "swiss"]
[EventRounds "12"]
[EventCountry "CAN"]

1. d4 Nf6 2. c4 e6 3. Nf3 d5 4. Bg5 Be7 5. e3 b6 6. Nbd2 O-O 7. Bd3 Bb7 8. O-O dxc4 9. Bxc4 h6 10. Bf4 Nd5 11. Bg3 Nd7 12. a3 c5 13. b4 cxb4 14. a4 Nc3 15. Qe1 a5 16. Bd3 Bc6 17. Bc2 b5 18. Kh1 bxa4 19. Nb1 Nxb1 20. Qxb1 Nf6 21. Ne5 Bb5 22. Re1 b3 23. Bd3 Be8 24. Nc4 Bb4 25. Rd1 Bc3 26. Na3 Bc6 27. Qc1 Rc8 28. Qxc3 Bxg2+ 29. Kxg2 Rxc3 30. Nb5 Qd5+ 31. e4 Nxe4 32. Bxe4 Qxe4+ 33. Kg1 Qc2 34. Re1 Qd3 35. Na3 Rc6 36. Red1 Qe4 37. Nb5 b2 38. Rab1 Qxb1 39. Rxb1 Rc1+ 0-1

[Event "Aurora CC Winter Swiss"]
[Site "Aurora CAN"]
[Date "2013.10.28"]
[Round "1"]
[White "Knight, Graeme"]
[Black "Pishdad, Hassan"]
[Result "1/2-1/2"]
[WhiteElo "1291"]
[BlackElo "1119"]
[PlyCount "58"]
[GameId "2160767909224944"]
[EventDate "2013.10.28"]
[EventType "swiss"]
[EventRounds "6"]
[EventCountry "CAN"]

1. Nf3 d5 2. g3 Nc6 3. Bg2 e6 4. O-O Bd6 5. e4 Nge7 6. c4 dxc4 7. Qa4 O-O 8. Qxc4 Nb4 9. a3 Nbc6 10. b4 a6 11. Nc3 b5 12. Qb3 Rb8 13. d4 e5 14. d5 Nd4 15. Nxd4 exd4 16. Ne2 c5 17. dxc6 Nxc6 18. e5 Nxe5 19. Nxd4 Bb7 20. Bb2 Nc4 21. Bc3 Be5 22. Rad1 Bxg2 23. Kxg2 Qb6 24. Nf3 Bxc3 25. Qxc3 Rbc8 26. Nd2 Qc6+ 27. Kg1 Nxd2 28. Qxd2 Qc3 29. Qd3 Qc6 1/2-1/2

[Event "Aurora CC Winter Swiss"]
[Site "Aurora CAN"]
[Date "2013.11.04"]
[Round "2"]
[White "Pustovyi, Yaroslav"]
[Black "Pishdad, Hassan"]
[Result "0-1"]
[WhiteElo "1277"]
[BlackElo "1119"]
[PlyCount "108"]
[GameId "2160767909224945"]
[EventDate "2013.10.28"]
[EventType "swiss"]
[EventRounds "6"]
[EventCountry "CAN"]

1. e4 c5 2. c3 e6 3. d4 d5 4. e5 Nc6 5. Nf3 h6 6. Na3 cxd4 7. cxd4 Bxa3 8. bxa3 Qa5+ 9. Qd2 Qxd2+ 10. Bxd2 Nge7 11. Bd3 O-O 12. O-O f5 13. Rac1 a6 14. Bb4 Nxb4 15. axb4 Nc6 16. Rb1 g5 17. b5 axb5 18. Bxb5 Rxa2 19. Bxc6 bxc6 20. Rfc1 Bd7 21. Rb7 Rf7 22. g3 Ra3 23. Nd2 Be8 24. Rxf7 Kxf7 25. Rb1 Ra7 26. Rb6 Kg6 27. Nb3 f4 28. f3 fxg3 29. hxg3 h5 30. Nc5 Re7 31. Kg2 Kf5 32. Rb7 Rxb7 33. Nxb7 Bd7 34. Nd6+ Kg6 35. Kh3 Kg7 36. g4 hxg4+ 37. Kxg4 Kg6 38. Nb7 Bc8 39. Nc5 Kf7 40. Kxg5 Kg7 41. f4 Kf7 42. Kh6 Ke7 43. Kg6 Bd7 44. Nxd7 Kxd7 45. Kf6 c5 46. dxc5 d4 47. c6+ Kxc6 48. Kxe6 d3 49. Kf7 d2 50. e6 d1=Q 51. e7 Qh5+ 52. Kf8 Qh6+ 53. Kf7 Qxf4+ 54. Kg8 Kd7 0-1

[Event "Aurora CC Winter Swiss"]
[Site "Aurora CAN"]
[Date "2013.11.11"]
[Round "3"]
[White "Pishdad, Hassan"]
[Black "Lupan, Radu"]
[Result "0-1"]
[WhiteElo "1119"]
[BlackElo "1336"]
[PlyCount "63"]
[GameId "2160767909224946"]
[EventDate "2013.10.28"]
[EventType "swiss"]
[EventRounds "6"]
[EventCountry "CAN"]

1. d4 Nf6 2. c4 g6 3. Nc3 Bg7 4. e4 d6 5. Nf3 O-O 6. Be2 Na6 7. O-O e5 8. dxe5 dxe5 9. Qxd8 Rxd8 10. Bg5 Re8 11. Nd5 Nxe4 12. Rad1 Nxg5 13. Nxg5 h6 14. Ne4 c6 15. Ndf6+ Kf8 16. Nxe8 Kxe8 17. c5 Nb4 18. a3 Nd5 19. Nd6+ Ke7 20. Nxc8+ Rxc8 21. Bc4 Ke6 22. Rfe1 f5 23. b4 Bf6 24. b5 Be7 25. Bxd5+ cxd5 26. c6 bxc6 27. Rc1 c5 28. a4 c4 29. f4 Bc5+ 30. Kf1 e4 31. a5 d4 32. Rb1 0-1

[Event "Aurora CC Winter Swiss"]
[Site "Aurora CAN"]
[Date "2013.12.02"]
[Round "6"]
[White "Pishdad, Hassan"]
[Black "Love, Dave"]
[Result "0-1"]
[WhiteElo "1119"]
[BlackElo "1418"]
[PlyCount "88"]
[GameId "2160767909224947"]
[EventDate "2013.10.28"]
[EventType "swiss"]
[EventRounds "6"]
[EventCountry "CAN"]

1. d4 Nf6 2. c4 g6 3. Nc3 Bg7 4. e4 d6 5. Nf3 O-O 6. Be2 b6 7. O-O Bb7 8. d5 Nbd7 9. Be3 Nc5 10. Bxc5 bxc5 11. Rb1 a5 12. Qb3 Bc8 13. h3 e6 14. e5 Nd7 15. dxe6 Nxe5 16. Nxe5 Bxe5 17. Bf3 Ra6 18. exf7+ Rxf7 19. Bd5 Qf6 20. Bxf7+ Kxf7 21. Nd5 Qd8 22. Qb8 c6 23. Ne3 Rb6 24. Qa7+ Rb7 25. Qa8 Qc7 26. Nd5 cxd5 27. cxd5 Bd7 28. f4 Bd4+ 29. Rf2 Ra7 30. Qxa7 Bxf2+ 31. Kxf2 Qxa7 32. Kf3 Bf5 33. Rd1 a4 34. g4 Bd7 35. Re1 c4 36. Re3 Qd4 37. Rc3 Qxd5+ 38. Kg3 Bb5 39. a3 Qd2 40. Kh4 Qxb2 41. Rf3 h6 42. f5 Qf6+ 43. Kg3 g5 44. Kg2 Bc6 0-1

[Event "Aurora Fall op"]
[Site "Aurora CAN"]
[Date "2013.10.19"]
[Round "1.3"]
[White "Perelman, Leon"]
[Black "Plotkin, Victor"]
[Result "0-1"]
[WhiteElo "2142"]
[BlackElo "2393"]
[PlyCount "62"]
[GameId "2160767909224950"]
[EventDate "2013.10.19"]
[EventType "swiss"]
[EventRounds "5"]
[EventCountry "CAN"]

1. c4 Nf6 2. Nc3 e6 3. e4 d5 4. e5 d4 5. exf6 dxc3 6. bxc3 Qxf6 7. Nf3 c5 8. d4 cxd4 9. Bg5 Qf5 10. Bd3 Qa5 11. O-O dxc3 12. Qc2 h6 13. Bf4 Nc6 14. Rfb1 a6 15. Be4 Ba3 16. Bxc6+ bxc6 17. Qe4 O-O 18. Qxc6 Ra7 19. Rb8 Bd7 20. Rxf8+ Bxf8 21. Qe4 Ba4 22. Ne5 c2 23. Qe3 Rb7 24. Rc1 Rb1 25. g4 g5 26. Bg3 Bc5 27. Qf3 Rxc1+ 28. Kg2 Qc7 29. Nd3 Bc6 30. Bxc7 Bxf3+ 31. Kxf3 Rd1 0-1

[Event "Aurora Fall op"]
[Site "Aurora CAN"]
[Date "2013.10.19"]
[Round "1.5"]
[White "Noritsyn, Sergey"]
[Black "Aronov, Yuri"]
[Result "0-1"]
[WhiteElo "2049"]
[BlackElo "2309"]
[PlyCount "126"]
[GameId "2160767909224952"]
[EventDate "2013.10.19"]
[EventType "swiss"]
[EventRounds "5"]
[EventCountry "CAN"]

1. e4 d6 2. d4 g6 3. Nf3 Bg7 4. Be3 Nf6 5. Nc3 a6 6. a4 O-O 7. Be2 b6 8. O-O Bb7 9. Nd2 c5 10. dxc5 bxc5 11. Bf3 Nfd7 12. e5 Ra7 13. exd6 exd6 14. Bxb7 Rxb7 15. Nc4 Ne5 16. Nxd6 Rxb2 17. Bxc5 Qc7 18. Nde4 Rd8 19. Nd5 Qa5 20. Rb1 Rxb1 21. Qxb1 Qxa4 22. Nef6+ Bxf6 23. Nxf6+ Kg7 24. Be7 Rc8 25. Nd5 Nbd7 26. Kh1 f6 27. Qb7 Qb5 28. Bxf6+ Kf7 29. Qxb5 axb5 30. Bxe5 Nxe5 31. Ne3 Nc4 32. g3 Nxe3 33. fxe3+ Ke6 34. Rf2 Rc3 35. Re2 Ke5 36. Kg2 Ke4 37. Kf2 g5 38. g4 h6 39. h3 b4 40. Kg2 Rxe3 41. Rf2 Kd4 42. Rf6 Re2+ 43. Kg3 Rxc2 44. Rxh6 Rc3+ 45. Kg2 Rc5 46. h4 gxh4 47. Rxh4 Kc3 48. Rh3+ Kc2 49. Rh2 b3 50. Kf3+ Kc3 51. Kf4 b2 52. Rh3+ Kb4 53. Rh1 Rc1 54. Rh8 b1=Q 55. Rb8+ Kc5 56. Rxb1 Rxb1 57. Kf5 Kd6 58. Kf6 Rf1+ 59. Kg6 Ke7 60. g5 Kf8 61. Kh6 Kg8 62. g6 Rf6 63. Kg5 Kg7 0-1

[Event "Aurora Fall op"]
[Site "Aurora CAN"]
[Date "2013.10.19"]
[Round "1.9"]
[White "Zotkin, Daniel"]
[Black "Zeromskis, Egidijus"]
[Result "1/2-1/2"]
[WhiteElo "1906"]
[BlackElo "2208"]
[PlyCount "41"]
[GameId "2160767909224955"]
[EventDate "2013.10.19"]
[EventType "swiss"]
[EventRounds "5"]
[EventCountry "CAN"]

1. e4 Nf6 2. e5 Nd5 3. c4 Nb6 4. d4 d6 5. exd6 cxd6 6. Nf3 g6 7. Be2 Bg7 8. Be3 O-O 9. O-O Nc6 10. h3 Bf5 11. Nc3 d5 12. g4 Be6 13. c5 Nc8 14. Ng5 Qd7 15. Nxe6 Qxe6 16. Bf3 Rd8 17. Re1 Qd7 18. Bxd5 e6 19. Bxc6 bxc6 20. Ne2 Ne7 21. Qa4 1/2-1/2

[Event "Aurora Fall op"]
[Site "Aurora CAN"]
[Date "2013.10.19"]
[Round "2"]
[White "Dougherty, Michael"]
[Black "Cheng, Bindi"]
[Result "1/2-1/2"]
[WhiteElo "2166"]
[BlackElo "2442"]
[PlyCount "46"]
[GameId "2160767909224956"]
[EventDate "2013.10.19"]
[EventType "swiss"]
[EventRounds "5"]
[EventCountry "CAN"]
[SourceTitle "EXT 2014"]
[Source "ChessBase"]
[SourceDate "2013.11.20"]
[SourceVersion "1"]
[SourceVersionDate "2013.11.20"]
[SourceQuality "1"]

1. f4 d5 2. Nf3 g6 3. g3 Bg7 4. Bg2 Nf6 5. O-O O-O 6. d3 b6 7. a4 Bb7 8. a5 c5 9. Ne5 Qc8 10. c3 e6 11. Nd2 Nbd7 12. Ndf3 Nxe5 13. Nxe5 Rd8 14. Bd2 b5 15. Qe1 a6 16. Qf2 Qc7 17. b4 Rac8 18. Rac1 Nd7 19. Be3 Nxe5 20. fxe5 Bxe5 21. Bxc5 Rd7 22. Bb6 Qd6 23. Bc5 Qc7 1/2-1/2

[Event "Aurora Fall op"]
[Site "Aurora CAN"]
[Date "2013.10.19"]
[Round "2"]
[White "Morrell, Gordon"]
[Black "Zotkin, Daniel"]
[Result "1/2-1/2"]
[WhiteElo "2159"]
[BlackElo "1768"]
[PlyCount "61"]
[GameId "2160767909224957"]
[EventDate "2013.10.19"]
[EventType "swiss"]
[EventRounds "5"]
[EventCountry "CAN"]
[SourceTitle "EXT 2014"]
[Source "ChessBase"]
[SourceDate "2013.11.20"]
[SourceVersion "1"]
[SourceVersionDate "2013.11.20"]
[SourceQuality "1"]

1. c4 e6 2. g3 d5 3. Bg2 Nf6 4. Nf3 c6 5. b3 Bd6 6. d4 O-O 7. O-O Nbd7 8. Nc3 b6 9. Qc2 Bb7 10. Rd1 a6 11. e4 dxe4 12. Ng5 Be7 13. Ngxe4 Nxe4 14. Nxe4 f5 15. Nc3 Bf6 16. Ba3 Re8 17. Rac1 Rc8 18. Bd6 Nf8 19. c5 b5 20. a4 b4 21. Ne2 Ng6 22. h4 Qd7 23. Nf4 Nxf4 24. Bxf4 Rcd8 25. Be5 Qf7 26. Qe2 f4 27. Bxf6 Qxf6 28. Qe5 fxg3 29. fxg3 Rf8 30. Qxf6 gxf6 31. Kf2 1/2-1/2

[Event "Aurora Fall op"]
[Site "Aurora CAN"]
[Date "2013.10.19"]
[Round "2.4"]
[White "Cormier, Adam"]
[Black "Song, Michael"]
[Result "0-1"]
[WhiteElo "2237"]
[BlackElo "2345"]
[PlyCount "86"]
[GameId "2160767909224961"]
[EventDate "2013.10.19"]
[EventType "swiss"]
[EventRounds "5"]
[EventCountry "CAN"]

1. c4 Nf6 2. Nc3 g6 3. e4 d6 4. Nf3 c5 5. g3 Bg7 6. Bg2 Nc6 7. O-O O-O 8. d3 Ne8 9. Nh4 Nc7 10. f4 Ne6 11. Nd5 Ned4 12. f5 e6 13. Ne3 Ne5 14. Ng4 Nxg4 15. Qxg4 exf5 16. exf5 Nxf5 17. Nxf5 Bxf5 18. Rxf5 gxf5 19. Qxf5 Qf6 20. Qh5 Qd4+ 21. Kh1 Qe5 22. Qd1 Rfe8 23. Bf4 Qxb2 24. Rb1 Qxa2 25. Bf3 a5 26. Bxd6 Rad8 27. Bxc5 Bc3 28. Qf1 Qxb1 29. Qxb1 Re1+ 30. Qxe1 Bxe1 31. d4 Bb4 32. Bb6 Ra8 33. c5 a4 34. Bd5 a3 35. Ba2 Re8 36. Bc4 Re4 37. Bb3 Rxd4 38. c6 Rd6 39. c7 Rc6 40. Kg2 Bd6 41. Ba4 Rc1 42. Bb3 Bxc7 43. Bd4 a2 0-1

[Event "Aurora Fall op"]
[Site "Aurora CAN"]
[Date "2013.10.19"]
[Round "2.6"]
[White "Zeromskis, Egidijus"]
[Black "Derraugh, Geordie"]
[Result "1-0"]
[WhiteElo "2208"]
[BlackElo "2300"]
[PlyCount "83"]
[GameId "2160767909224962"]
[EventDate "2013.10.19"]
[EventType "swiss"]
[EventRounds "5"]
[EventCountry "CAN"]

1. e4 c5 2. Nc3 d6 3. g3 Nc6 4. Bg2 g6 5. d3 Bg7 6. Be3 Nf6 7. Qd2 Ng4 8. Bf4 e5 9. Bg5 f6 10. Be3 Nxe3 11. fxe3 Ne7 12. Nf3 Be6 13. O-O O-O 14. a4 h6 15. Rad1 Qd7 16. b3 d5 17. d4 exd4 18. exd4 c4 19. e5 f5 20. bxc4 dxc4 21. d5 Bf7 22. e6 Bxe6 23. dxe6 Qxd2 24. Rxd2 Bxc3 25. Rd7 Bb4 26. Ne5 Rab8 27. Bxb7 Bc5+ 28. Kg2 Rf6 29. Nc6 Nxc6 30. Bxc6 Rb2 31. Rd2 c3 32. Re2 Be7 33. Rf3 Bb4 34. Rd3 Kf8 35. Rd8+ Ke7 36. Rd7+ Kf8 37. Rxa7 Bd6 38. Ra8+ Kg7 39. e7 Bxe7 40. Rxe7+ Rf7 41. Rxf7+ Kxf7 42. Bd5+ 1-0

[Event "Aurora Fall op"]
[Site "Aurora CAN"]
[Date "2013.10.19"]
[Round "2.9"]
[White "Zhao, Yue Tong (Davy)"]
[Black "Perelman, Leon"]
[Result "0-1"]
[WhiteElo "1939"]
[BlackElo "2142"]
[PlyCount "72"]
[GameId "2160767909224964"]
[EventDate "2013.10.19"]
[EventType "swiss"]
[EventRounds "5"]
[EventCountry "CAN"]

1. e4 c5 2. Nf3 d6 3. d4 cxd4 4. Nxd4 Nf6 5. Nc3 g6 6. Be3 Bg7 7. f3 Nc6 8. Qd2 O-O 9. Bc4 Bd7 10. O-O-O Rc8 11. Bb3 Nxd4 12. Bxd4 b5 13. e5 dxe5 14. Bxe5 Bc6 15. Qe3 Qa5 16. h4 b4 17. Ne2 Ba4 18. Kb1 Bxb3 19. cxb3 Rc5 20. Bd4 Rc6 21. g4 Nd5 22. Qg5 e5 23. Bf2 Nf4 24. Nxf4 f6 25. Nxg6 fxg5 26. Ne7+ Kh8 27. Nxc6 Qc7 28. Rc1 Qf7 29. Bc5 Re8 30. Bxb4 Qxf3 31. hxg5 Rc8 32. Rhd1 Qxg4 33. Ka1 Qxg5 34. Be7 Bf6 35. Rg1 Rxc6 36. Rcd1 Bxe7 0-1

[Event "Aurora Fall op"]
[Site "Aurora CAN"]
[Date "2013.10.19"]
[Round "3.5"]
[White "Perelman, Leon"]
[Black "Aronov, Yuri"]
[Result "0-1"]
[WhiteElo "2142"]
[BlackElo "2309"]
[PlyCount "106"]
[GameId "2160767909224972"]
[EventDate "2013.10.19"]
[EventType "swiss"]
[EventRounds "5"]
[EventCountry "CAN"]

1. d4 Nf6 2. c4 g6 3. Nc3 Bg7 4. e4 d6 5. Nf3 O-O 6. Be2 e5 7. O-O Nc6 8. d5 Ne7 9. b4 a5 10. Ba3 axb4 11. Bxb4 Nd7 12. a4 Bh6 13. Ne1 f5 14. Nd3 Nf6 15. Bf3 c5 16. dxc6 Nxc6 17. exf5 gxf5 18. Bxc6 bxc6 19. Nc1 c5 20. Ba3 Be6 21. Qe2 Qa5 22. Nb5 Rad8 23. Qc2 Ne4 24. Rd1 Nd2 25. Bb2 Nxc4 26. Bc3 Qb6 27. Rb1 Qc6 28. Nb3 d5 29. Na5 Nxa5 30. Bxa5 Rd7 31. Bb4 Rc8 32. Ba5 d4 33. Na3 Rg7 34. g3 Qf3 35. Rd3 Qe4 36. Nc4 Qa8 37. Nb6 Qxa5 38. Nxc8 Bxc8 39. Rb8 Qc7 40. Qc4+ Kh8 41. Rdb3 Rg8 42. R3b7 Qxb7 43. Rxb7 Bxb7 44. a5 Ra8 45. Qxc5 Bg7 46. Kf1 d3 47. Ke1 Rc8 48. Qb6 Bf3 49. Kd2 e4 50. a6 Bc3+ 51. Ke3 d2 52. Qe6 Rd8 53. Qe7 d1=Q 0-1

[Event "Aurora Fall op"]
[Site "Aurora CAN"]
[Date "2013.10.20"]
[Round "4.4"]
[White "Zeromskis, Egidijus"]
[Black "Song, Michael"]
[Result "0-1"]
[WhiteElo "2208"]
[BlackElo "2345"]
[PlyCount "72"]
[GameId "2160767909224980"]
[EventDate "2013.10.19"]
[EventType "swiss"]
[EventRounds "5"]
[EventCountry "CAN"]

1. e4 e5 2. Nf3 Nc6 3. Bb5 Nf6 4. Nc3 Bd6 5. O-O O-O 6. Re1 Re8 7. d3 Ne7 8. Bg5 Ng6 9. Nh4 Nxh4 10. Bxh4 c6 11. Bc4 Bc5 12. Qf3 d6 13. h3 Be6 14. Bb3 a5 15. Ne2 a4 16. Bxe6 fxe6 17. Bg5 Rf8 18. Be3 Nd5 19. Qg4 Bxe3 20. Rf1 Rxf2 21. Rxf2 Bxf2+ 22. Kxf2 Qf6+ 23. Qf3 Qxf3+ 24. gxf3 Nb4 25. a3 Nxc2 26. Rc1 Nd4 27. Nxd4 exd4 28. Rc4 e5 29. Kg3 Kf7 30. f4 Ke6 31. fxe5 dxe5 32. Kg2 Kd6 33. Kg3 b5 34. Rc2 Rf8 35. Kg2 c5 36. Kg3 Rf1 0-1

[Event "Aurora Fall op"]
[Site "Aurora CAN"]
[Date "2013.10.20"]
[Round "4.5"]
[White "Aronov, Yuri"]
[Black "Nicholson, Matthew"]
[Result "1/2-1/2"]
[WhiteElo "2309"]
[BlackElo "2286"]
[PlyCount "72"]
[GameId "2160767909224981"]
[EventDate "2013.10.19"]
[EventType "swiss"]
[EventRounds "5"]
[EventCountry "CAN"]

1. d4 d5 2. Nf3 Nf6 3. c4 e6 4. Nc3 Be7 5. Bg5 O-O 6. e3 h6 7. Bh4 Ne4 8. Bxe7 Qxe7 9. Rc1 c6 10. Bd3 Nxc3 11. Rxc3 Nd7 12. O-O e5 13. dxe5 dxc4 14. Bxc4 Nxe5 15. Nxe5 Qxe5 16. Qb3 b5 17. Be2 Be6 18. Qc2 Bd5 19. f4 Qe7 20. Bf3 b4 21. Rd3 Bxf3 22. Rxf3 Rad8 23. Rxd8 Rxd8 24. e4 Rd4 25. e5 Qd8 26. h3 Qd5 27. Kh2 Rd2 28. Qf5 Rxb2 29. Qc8+ Kh7 30. Rg3 Rxa2 31. Qf8 g6 32. f5 g5 33. e6 Rxg2+ 34. Rxg2 Qe5+ 35. Kh1 Qe1+ 36. Kh2 Qe5+ 1/2-1/2

[Event "Aurora Fall op"]
[Site "Aurora CAN"]
[Date "2013.10.20"]
[Round "4.8"]
[White "Yu, WenLu"]
[Black "Perelman, Leon"]
[Result "0-1"]
[WhiteElo "1991"]
[BlackElo "2142"]
[PlyCount "80"]
[GameId "2160767909224983"]
[EventDate "2013.10.19"]
[EventType "swiss"]
[EventRounds "5"]
[EventCountry "CAN"]

1. e4 c5 2. Nf3 d6 3. d4 cxd4 4. Nxd4 Nf6 5. Nc3 g6 6. f3 Bg7 7. Be3 Nc6 8. Qd2 O-O 9. O-O-O d5 10. Qe1 e5 11. Nxc6 bxc6 12. exd5 cxd5 13. Bg5 Qb6 14. Bxf6 Qxf6 15. Nxd5 Qd8 16. h4 Be6 17. Nf4 Qb6 18. Nxe6 Qxe6 19. b3 e4 20. fxe4 Qe5 21. c3 Rfc8 22. Bc4 Qa5 23. Kb2 Rxc4 24. bxc4 Rb8+ 25. Kc2 Qxa2+ 26. Kd3 Bh6 27. Kd4 Rd8+ 28. Ke5 f6+ 29. Kxf6 Rf8+ 30. Ke7 Rf7+ 31. Kd6 Qa6+ 32. Kd5 Rd7+ 33. Ke5 Re7+ 34. Kd5 Qe6+ 35. Kc5 Qb6+ 36. Kd5 Rd7+ 37. Ke5 Qc7+ 38. Kf6 Qf4+ 39. Ke6 Qf7+ 40. Ke5 Bf4# 0-1

[Event "Aurora Fall op"]
[Site "Aurora CAN"]
[Date "2013.10.20"]
[Round "4.9"]
[White "Zhao, Yue Tong (Davy)"]
[Black "Noritsyn, Sergey"]
[Result "0-1"]
[WhiteElo "1939"]
[BlackElo "2049"]
[PlyCount "64"]
[GameId "2160767909224984"]
[EventDate "2013.10.19"]
[EventType "swiss"]
[EventRounds "5"]
[EventCountry "CAN"]

1. e4 d5 2. exd5 Nf6 3. Nf3 Nxd5 4. d4 g6 5. c4 Nb6 6. c5 Nd5 7. Bc4 Nc6 8. O-O Bg7 9. Bxd5 Qxd5 10. Nc3 Qc4 11. Be3 Bg4 12. Nd2 Qe6 13. Qa4 Qd7 14. Nb3 O-O 15. d5 Ne5 16. c6 bxc6 17. Nc5 Qe8 18. f4 Nd7 19. dxc6 Nb6 20. Qe4 Bf5 21. Qf3 Nc4 22. Nd5 Bxb2 23. Rad1 Rc8 24. Na6 Nxe3 25. Qxe3 e6 26. Ndxc7 Qxc6 27. Qxa7 Ba3 28. Qe3 Rxc7 29. Qxa3 Ra7 30. Rd6 Qc2 31. Rc1 Qe4 32. g3 Rfa8 0-1